[Event "Bremen Silvester op"]
[Site "Bremen"]
[Date "2021.12.28"]
[Round "4"]
[White "Lambers, Gabriel"]
[Black "Roemer, Uri"]
[Result "1-0"]
[WhiteElo "1670"]
[BlackElo "1318"]
[PlyCount "39"]
[EventDate "2021.12.21"]
[EventType "swiss"]
[EventRounds "7"]
[EventCountry "GER"]
[SourceTitle "CBM 205 Extra"]
[Source "ChessBase"]
[SourceDate "2022.01.31"]
[SourceVersion "1"]
[SourceVersionDate "2022.01.31"]
[SourceQuality "1"]

1. e4 e5 2. Nf3 Nc6 3. Bb5 Nge7 4. Nc3 d6 5. d4 exd4 6. Nxd4 g6 7. Bg5 Bd7 8. Nd5 Bg7 9. Bf6 Bxf6 10. Nxf6+ Kf8 11. Qd2 Kg7 12. Qc3 Kh6 13. Nxd7 Qxd7 14. 0-0-0 a6 15. Bxc6 Nxc6 16. Rd3 Nxd4 17. Qxd4 Qe6 18. Rh3+ Kg5 19. f4+ Kg4 20. Qe3 1-0

[Event "GER Pfingstopen U12"]
[Site "Playchess.com INT"]
[Date "2020.06.02"]
[Round "8"]
[White "Braeutigam, Alexander"]
[Black "Roemer, Uri"]
[Result "0-1"]
[WhiteElo "1678"]
[BlackElo "1620"]
[PlyCount "74"]
[EventDate "2020.06.02"]
[EventType "swiss (blitz)"]
[EventRounds "11"]
[EventCountry "GER"]
[SourceTitle "CBM 197 Extra"]
[Source "ChessBase"]
[SourceDate "2020.09.30"]
[SourceVersion "1"]
[SourceVersionDate "2020.09.30"]
[SourceQuality "1"]

1. c4 e5 2. Nc3 Nc6 3. d3 Nf6 4. g3 Bc5 5. Bg2 d6 6. a3 Be6 7. b4 Bd4 8. Bb2 a5 9. b5 Ne7 10. Bxb7 Rb8 11. Bg2 c6 12. a4 0-0 13. Nf3 cxb5 14. axb5 Qb6 15. Na4 Bxf2+ 16. Kf1 Qa7 17. Ba3 Bc5 18. Nxc5 dxc5 19. Nxe5 Qc7 20. Bb2 Rbd8 21. Ke1 Bf5 22. Rf1 Bg6 23. Nxg6 hxg6 24. Bxf6 gxf6 25. Rxf6 Qe5 26. Rf2 Rxd3 27. Qxd3 Qxa1+ 28. Qd1 Qc3+ 29. Kf1 Nf5 30. Kg1 Ne3 31. Qd3 Qc1+ 32. Bf1 Nxc4 33. Rf4 Ne3 34. h4 a4 35. h5 gxh5 36. Re4 Qxf1+ 37. Kh2 Qg2# 0-1

[Event "GER-chT U12"]
[Site "Magdeburg"]
[Date "2019.12.27"]
[Round "2.2"]
[White "Roemer, Uri"]
[Black "Richter, Nicholas"]
[Result "1/2-1/2"]
[WhiteElo "1311"]
[BlackElo "1448"]
[PlyCount "59"]
[EventDate "2019.12.27"]
[EventType "team-swiss"]
[EventRounds "7"]
[EventCountry "GER"]
[SourceTitle "CBM 194 Extra"]
[Source "ChessBase"]
[SourceDate "2020.03.31"]
[SourceVersion "1"]
[SourceVersionDate "2020.03.31"]
[SourceQuality "1"]
[WhiteTeam "Brackel"]
[BlackTeam "Dresden TU"]
[WhiteTeamCountry "GER"]
[BlackTeamCountry "GER"]

1. e4 c5 2. d4 cxd4 3. c3 g6 4. cxd4 d5 5. exd5 Nf6 6. Nc3 Nxd5 7. Nf3 Bg7 8. Nxd5 Qxd5 9. Be3 0-0 10. Be2 Nc6 11. b3 Rd8 12. Bc4 Qd6 13. Ng5 e6 14. Ne4 Qc7 15. Rc1 Qa5+ 16. Qd2 Qxd2+ 17. Nxd2 Nxd4 18. 0-0 b6 19. Rfd1 Bb7 20. h3 Nc6 21. a4 Nb4 22. Kf1 Bd5 23. Nf3 Bxf3 24. gxf3 Kf8 25. Ke2 Rdc8 26. Rd7 Rd8 27. Rcd1 Rxd7 28. Rxd7 Nc6 29. Bb5 Ne7 30. Kd3 1/2-1/2

[Event "Dortmund Sparkassen op-C 47th"]
[Site "Dortmund"]
[Date "2019.07.20"]
[Round "8"]
[White "Roemer, Uri"]
[Black "Manus, Julia"]
[Result "0-1"]
[WhiteElo "1407"]
[BlackElo "1405"]
[PlyCount "120"]
[EventDate "2019.07.13"]
[EventType "swiss"]
[EventRounds "9"]
[EventCountry "GER"]
[SourceTitle "CBM 192 Extra"]
[Source "Chessbase"]
[SourceDate "2019.11.06"]
[SourceVersion "1"]
[SourceVersionDate "2019.11.06"]
[SourceQuality "1"]

1. e4 e5 2. Nf3 Nf6 3. Nc3 Nc6 4. Bb5 Bb4 5. d3 d6 6. h3 h6 7. a3 Bxc3+ 8. bxc3 0-0 9. 0-0 a6 10. Bc4 Na5 11. Ba2 c5 12. Re1 Nc6 13. Rb1 Rb8 14. d4 cxd4 15. cxd4 exd4 16. Nxd4 Nxd4 17. Qxd4 Be6 18. Bxe6 fxe6 19. Rd1 e5 20. Qe3 Qc7 21. Rb2 Rfd8 22. f3 b5 23. Qe1 Qc5+ 24. Qe3 Nd7 25. Kf1 Nb6 26. Qxc5 dxc5 27. Rxd8+ Rxd8 28. Be3 Nc4 29. Rb3 Nxe3+ 30. Rxe3 c4 31. Ke2 a5 32. Rc3 Rd4 33. a4 b4 34. Re3 g5 35. g4 Kf7 36. Ke1 Ke6 37. Re2 c3 38. Kf2 Kd6 39. Ke3 Kc5 40. Kf2 Kc4 41. Ke3 b3 42. cxb3+ Kxb3 43. f4 gxf4+ 44. Kf3 c2 45. Rxc2 Kxc2 46. h4 Rxa4 47. g5 hxg5 48. h5 Ra3+ 49. Kg4 Rg3+ 50. Kf5 Rh3 51. Kxe5 Rxh5 52. Kf5 f3 53. Kg4 f2 54. Kxh5 f1Q 55. Kxg5 a4 56. e5 a3 57. e6 a2 58. Kg6 a1R 59. e7 Ra8 60. e8Q Rxe8 0-1

[Event "Dortmund Sparkassen op-C 47th"]
[Site "Dortmund"]
[Date "2019.07.15"]
[Round "3"]
[White "Heinz, Hans Werner"]
[Black "Roemer, Uri"]
[Result "1/2-1/2"]
[WhiteElo "1111"]
[BlackElo "1407"]
[PlyCount "78"]
[EventDate "2019.07.13"]
[EventType "swiss"]
[EventRounds "9"]
[EventCountry "GER"]
[SourceTitle "CBM 192 Extra"]
[Source "Chessbase"]
[SourceDate "2019.11.06"]
[SourceVersion "1"]
[SourceVersionDate "2019.11.06"]
[SourceQuality "1"]

1. e4 e5 2. d3 Bc5 3. g3 d6 4. a3 Nc6 5. c3 h6 6. Bg2 Nf6 7. h3 Be6 8. b4 Bb6 9. a4 a6 10. a5 Ba7 11. Qe2 Qd7 12. Be3 d5 13. Bxa7 Rxa7 14. Nd2 d4 15. Nc4 dxc3 16. Rc1 c2 17. Nf3 Bxc4 18. dxc4 Nxb4 19. 0-0 Qe7 20. Nh4 g6 21. Nf3 Qc5 22. Ne1 Qxa5 23. Nxc2 Nxc2 24. Rxc2 Qc5 25. Qf3 Nh5 26. Rd1 Ra8 27. Rd5 Qe7 28. Qc3 f6 29. Rcd2 0-0 30. Rd7 Qc5 31. R2d5 Qb6 32. c5 Qc6 33. Qd3 Kh8 34. Qe3 g5 35. Qd3 a5 36. Bf3 Ng7 37. Re7 Rfe8 38. Rf7 Rf8 39. Re7 Rfe8 1/2-1/2

[Event "GER-chT U12"]
[Site "Magdeburg"]
[Date "2018.12.28"]
[Round "4.4"]
[White "Kauth, Lukas Michael"]
[Black "Roemer, Uri"]
[Result "0-1"]
[WhiteElo "855"]
[BlackElo "1098"]
[PlyCount "116"]
[EventDate "2018.12.27"]
[EventType "team-swiss"]
[EventRounds "7"]
[EventCountry "GER"]
[SourceTitle "CBM 188 Extra"]
[Source "ChessBase"]
[SourceDate "2019.02.26"]
[SourceVersion "1"]
[SourceVersionDate "2019.02.26"]
[SourceQuality "1"]
[WhiteTeam "Bebenhausen"]
[BlackTeam "Brackel"]
[WhiteTeamCountry "GER"]
[BlackTeamCountry "GER"]

1. e4 e5 2. Nf3 Nc6 3. Bc4 Bc5 4. b4 Bxb4 5. c3 Bc5 6. d4 exd4 7. 0-0 Nf6 8. e5 Ng4 9. cxd4 Be7 10. h3 Nh6 11. Re1 d5 12. exd6 Qxd6 13. Ba3 Qd8 14. d5 0-0 15. dxc6 Qxd1 16. Rxd1 Bxa3 17. cxb7 Bxb7 18. Nxa3 Rfe8 19. Nb5 Ba6 20. Rac1 Bxb5 21. Bxb5 Re7 22. Rd2 g6 23. Rcd1 Nf5 24. g4 Nd6 25. Bc6 Rb8 26. Re1 Rxe1+ 27. Nxe1 Rb1 28. Kf1 Rc1 29. Ba4 Rc4 30. Bb3 Rc3 31. Ke2 Rxh3 32. f3 Rh2+ 33. Kd3 Rxd2+ 34. Kxd2 Kg7 35. Ke3 f5 36. Ng2 Kf6 37. Nf4 Kg5 38. Bd1 Nc4+ 39. Kd4 Nb2 40. Be2 Kxf4 41. gxf5 gxf5 42. Kd5 h5 43. Ke6 c5 44. Kf6 c4 45. Bxc4 Nxc4 46. a4 h4 47. a5 Nxa5 48. Kg6 h3 49. Kf6 h2 50. Kg6 h1Q 51. Kf6 Qh6+ 52. Kf7 Ke5 53. Kg8 Qf6 54. f4+ Kxf4 55. Kh7 Qg5 56. Kh8 Ke5 57. Kh7 Kf6 58. Kh8 Qg7# 0-1

[Event "GER-chT U12"]
[Site "Magdeburg"]
[Date "2018.12.27"]
[Round "1.4"]
[White "Kort, Felix"]
[Black "Roemer, Uri"]
[Result "1/2-1/2"]
[WhiteElo "1593"]
[BlackElo "1098"]
[PlyCount "96"]
[EventDate "2018.12.27"]
[EventType "team-swiss"]
[EventRounds "7"]
[EventCountry "GER"]
[SourceTitle "CBM 188 Extra"]
[Source "ChessBase"]
[SourceDate "2019.02.26"]
[SourceVersion "1"]
[SourceVersionDate "2019.02.26"]
[SourceQuality "1"]
[WhiteTeam "Hamburger SK"]
[BlackTeam "Brackel"]
[WhiteTeamCountry "GER"]
[BlackTeamCountry "GER"]

1. d4 d5 2. c4 dxc4 3. Nf3 Nf6 4. Nc3 Bf5 5. Bf4 e6 6. e3 Bb4 7. Bxc4 Ne4 8. Rc1 Nxc3 9. bxc3 Bd6 10. Bxd6 cxd6 11. 0-0 0-0 12. Re1 Nc6 13. e4 Bg4 14. Bb3 Qf6 15. Re3 e5 16. d5 Ne7 17. c4 b6 18. Ba4 Rac8 19. Bb5 Ng6 20. h3 Bxf3 21. Rxf3 Nf4 22. Kh1 Qg6 23. Rg3 Qxe4 24. Qg4 Qg6 25. Qxc8 Rxc8 26. Rxg6 fxg6 27. Rc3 Ne2 28. Ra3 a5 29. Ba6 Ra8 30. Bb7 Rb8 31. Bc6 Nd4 32. Re3 Rc8 33. Bb5 Nxb5 34. cxb5 Rc5 35. a4 Rc4 36. Ra3 e4 37. Kh2 Rc5 38. Re3 Rxd5 39. Rxe4 Rc5 40. Re8+ Kf7 41. Rb8 Rc4 42. Rxb6 Rxa4 43. Rxd6 Rb4 44. b6 a4 45. Rd7+ Kf6 46. Ra7 Rxb6 47. Rxa4 Rb2 48. Ra8 Kf7 1/2-1/2